Score 0/30 Timer 03:00
1 Play Today
% Correct
Germany
95.4%
Russia
94.3%
Russia
94.3%
France
94.2%
Vietnam
92.7%
Estonia
91.9%
Egypt
91.8%
Lithuania
91.4%
Israel
90.5%
South Africa
90.3%
Belgium
89.7%
Cambodia
89.1%
Switzerland
88.8%
China
88.6%
Thailand
88%
% Correct
Poland
87.7%
Syria
86.8%
Austria
86.7%
Algeria
85.2%
Latvia
84.7%
Belarus
81.4%
Belarus
81.4%
Chad
81%
Sudan
80.5%
Tunisia
80.3%
Myanmar
79.7%
Niger
74.4%
Côte d'Ivoire
66.6%
Sierra Leone
64.9%
Guinea
63.2%
Remove Ads.
Support Sporcle.
Get the best of Sporcle when you Go Orange. This ad-free experience offers more features, more stats, and more fun while also helping to support Sporcle. Thank you for becoming a member.

You're not logged in!

Compare scores with friends on all Sporcle quizzes.
OR
Log In

Show Comments

Extras

Top Quizzes Today


Score Distribution

Your Account Isn't Verified!

In order to create a playlist on Sporcle, you need to verify the email address you used during registration. Go to your Sporcle Settings to finish the process.

Report this User

Report this user for behavior that violates our Community Guidelines.

Details: